An analysis of EFL postgraduate students' lexical choice errors in their graduation theses : Master of education. Program Principles and methods in English language education

This paper is an analysis of EFL postgraduate students' lexical choice errors in their graduation theses :

Wedi'i Gadw mewn:
Manylion Llyfryddiaeth
Prif Awdur: Lê, Minh Triết
Fformat: Llyfr
Iaith:Undetermined
Cyhoeddwyd: Can Tho Can Tho University 2016
Pynciau:
Tagiau: Ychwanegu Tag
Dim Tagiau, Byddwch y cyntaf i dagio'r cofnod hwn!
Thư viện lưu trữ: Trung tâm Học liệu Trường Đại học Cần Thơ
LEADER 00905nam a2200229Ia 4500
001 CTU_213727
008 210402s9999 xx 000 0 und d
082 |a 428.2407 
082 |b Tr309 
088 |a 60140111 
100 |a Lê, Minh Triết 
245 3 |a An analysis of EFL postgraduate students' lexical choice errors in their graduation theses : 
245 0 |b Master of education. Program Principles and methods in English language education 
245 0 |c Lê Minh Triết ; Trịnh Quốc Lập (Supervisor) 
260 |a Can Tho 
260 |b Can Tho University 
260 |c 2016 
520 |a This paper is an analysis of EFL postgraduate students' lexical choice errors in their graduation theses : 
650 |a Tiếng Anh,English languages 
650 |x dạy và học,Study and teaching 
904 |i Nguyên 
980 |a Trung tâm Học liệu Trường Đại học Cần Thơ